000 00645nam a2200229 a 4500
001 BRCA_7460
005 20190320205839.0
008 120413s1908----mx-ac#####---#000-0#spa-#
041 _aspa
044 _amx
050 4 _aCS109
_b.O78 1908
100 1 _aOrtega, Ricardo
_918368
245 1 0 _aHistoria genealogica de las familias mas antiguas de México
_cpor Ricardo Ortega y Pérez Gallardo.
250 _a3
260 _aMéxico
_bImp. de A. Carranza
_c1908-1910
300 _a3 v.
_bil. a color, retratos
500 _aQ217
650 1 4 _aGenealogía
_918221
651 4 _aMéxico
_xGenealogía
_918222
902 _aGFM
942 _2lcc
_cB
999 _c7136
_d7136